Analytical supercritical fluid extraction

Αποθηκεύτηκε σε:
Λεπτομέρειες βιβλιογραφικής εγγραφής
Κύριος συγγραφέας: Varcalcel Cases, Miguel
Άλλοι συγγραφείς: Luque de Castro, M. D., Tena, M. T. (Maria Teresa)
Μορφή: Βιβλίο
Γλώσσα:English
Δημοσίευση: New York : Springer Verlang, c1994
Σειρά:Springer laboratory
Θέματα:
Ετικέτες: Προσθήκη ετικέτας
Δεν υπάρχουν, Καταχωρήστε ετικέτα πρώτοι!

MARC

LEADER 00000nam a2200000 i 4500
001 1/16057
008 980717s1994 eng d
020 |a 0-387-57495-6 
035 |l 10020060 
040 |a GR-MY-UA  |b gre  |e aacr 
041 0 |a eng 
082 0 |a 543.089 
100 1 |a Varcalcel Cases, Miguel. 
245 1 0 |a Analytical supercritical fluid extraction /  |c M. Valcarcel, M. D. Luque de Castro, M. T. Tena 
260 |a New York :   |b Springer Verlang,   |c c1994 
300 |a 321 p.  |b fig. 
490 1 |a Springer laboratory 
504 |a Includes bibliographical references 
650 0 0 |a Supercritical fluid extraction. 
700 1 |a Luque de Castro, M. D. 
700 1 |a Tena, M. T.  |q (Maria Teresa) 
830 0 |a Springer laboratory 
852 |a INST  |b LESVOS  |e 19980717  |h 543.089 VAL  |p 005100013582  |q 005100013582  |t BK  |y 0 
901 |a BIBL-1998-2 
909 |a Λ  |b 058313 
922 |a 1ΕΛΗ  |b 199806  |c ΚΠΣ/ΤΠ  |d ΠΑΠΑΣΩΤΗΡΙΟΥ 
950 |a 107-1998-04-07